00655nam a22001817a 450000500170000001000150001702000260003203500140005803700090007208200140008110000290009524501790012425000060030326000540030927000830036330000240044670000030047020250709144440.0 aENG-145893 c795.00a9789395368841 aEN-129425 bDBAD a304.00954 aDahagam, Srikar Srivatsa aEconomic Profile Sirmaur:cBiranchi Narayan Dash and Manendra Rao. PUVNbA White Paper That Will Develop India/hMapping Economic Language Of Paonta Sahib And Adjoining Areas a1 aHyderabadbNeelkamal Publications Pvt. Ltd.c2024 bHyderabadaSultan Bazar, Koti, Hyderabade500001k040-24757140k+91 9811828953 a115 p.c24.6 cm(pb)